| Tag |
First Indicator |
Second Indicator |
Subfields |
| LEADER |
00000cam a2200000 a 4500 |
| 001 |
in00000563521 |
| 005 |
20151014071213.0 |
| 008 |
841205s1983 miua 00010 eng d |
| 035 |
|
|
|a (OCoLC)11455718
|
| 035 |
|
|
|9 ACP0693AM
|
| 040 |
|
|
|a BMU
|c BMU
|d TXA
|d UtOrBLW
|
| 049 |
|
|
|a TXAM
|c [A08453644]
|
| 090 |
|
|
|a PS3568.O955
|b H6 1983
|
| 100 |
1 |
|
|a Rowe, William Woodin.
|
| 245 |
1 |
0 |
|a Holiday poems /
|c W.W. Rowe.
|
| 264 |
|
1 |
|a Ann Arbor, MI :
|b Ardis,
|c [1983]
|
| 264 |
|
4 |
|c ©1983
|
| 300 |
|
|
|a 53 pages :
|b illustrations ;
|c 22 cm.
|
| 336 |
|
|
|a text
|b txt
|2 rdacontent
|
| 337 |
|
|
|a unmediated
|b n
|2 rdamedia
|
| 338 |
|
|
|a volume
|b nc
|2 rdacarrier
|
| 500 |
|
|
|a Poems.
|
| 999 |
|
|
|a MARS
|
| 999 |
f |
f |
|s c9903bcb-1fbd-3d07-ba18-5a67147a568e
|i f96bf7a9-1ba1-348a-a736-3bf50359f486
|t 0
|
| 952 |
f |
f |
|p ric
|a Texas A&M University
|b Rellis Campus
|c Joint Library Facility
|d Remote Storage
|t 0
|e PS3568.O955 H6 1983
|h Library of Congress classification
|i unmediated -- volume
|m A14808453644
|
| 998 |
f |
f |
|a PS3568.O955 H6 1983
|t 0
|l Remote Storage
|